[Event "GEO-chT"]
[Site "Ureki"]
[Date "2015.10.11"]
[Round "7.2"]
[White "Lomineishvili, Maia"]
[Black "Khurtsidze, Nino"]
[Result "0-1"]
[WhiteElo "2369"]
[BlackElo "2426"]
[PlyCount "128"]
[EventDate "2015.10.05"]
[EventType "team-tourn"]
[EventRounds "7"]
[EventCountry "GEO"]
[SourceTitle "CBM 168 Extra"]
[Source "ChessBase"]
[SourceDate "2015.10.29"]
[SourceVersion "1"]
[SourceVersionDate "2015.10.29"]
[SourceQuality "1"]
[WhiteTeam "Samegrelo"]
[BlackTeam "Rustavi"]
[WhiteTeamCountry "GEO"]
[BlackTeamCountry "GEO"]

1. d4 Nf6 2. c4 e6 3. Nc3 Bb4 4. e3 0-0 5. Nge2 Re8 6. a3 Bf8 7. Nf4 d6 8. Be2 e5 9. dxe5 dxe5 10. Qxd8 Rxd8 11. Nfd5 Ne8 12. f4 c6 13. Nb4 a5 14. Nd3 exf4 15. exf4 Be6 16. Ne5 f6 17. Nf3 Na6 18. Be3 Nd6 19. b3 Re8 20. Bf2 b5 21. cxb5 cxb5 22. Nd4 Rac8 23. Ncxb5 Bg4 24. Nxd6 Bxd6 25. Kf1 Bxe2+ 26. Nxe2 Rc2 27. Re1 Nc5 28. Bxc5 Bxc5 29. h4 Bxa3 30. Ng3 Rxe1+ 31. Kxe1 Rc3 32. Ne2 Rxb3 33. Kd2 Bb4+ 34. Kc2 Re3 35. Nd4 Re4 36. Kd3 Rxf4 37. h5 Rg4 38. Rc1 Rg3+ 39. Ke4 Rg4+ 40. Kd3 h6 41. Rc8+ Kh7 42. Ne6 Rxg2 43. Rc7 Rg4 44. Ra7 Kg8 45. Rb7 Rg1 46. Ra7 Re1 47. Nxg7 Re7 48. Rxe7 Bxe7 49. Nf5 Bf8 50. Kc4 a4 51. Nd4 Kf7 52. Kc3 Ke8 53. Kc4 Kd7 54. Kd5 a3 55. Nc2 Bd6 56. Ke4 a2 57. Kf5 Be5 58. Kg6 Ke6 59. Kxh6 Kf7 60. Kh7 a1Q 61. Nxa1 Bxa1 62. h6 Bb2 63. Kh8 f5+ 64. Kh7 Ke6 0-1

[Event "GEO-chT"]
[Site "Ureki"]
[Date "2015.10.09"]
[Round "5.1"]
[White "Gvetadze, Sofio"]
[Black "Lomineishvili, Maia"]
[Result "1/2-1/2"]
[WhiteElo "2314"]
[BlackElo "2369"]
[PlyCount "119"]
[EventDate "2015.10.05"]
[EventType "team-tourn"]
[EventRounds "7"]
[EventCountry "GEO"]
[SourceTitle "CBM 168 Extra"]
[Source "ChessBase"]
[SourceDate "2015.10.29"]
[SourceVersion "1"]
[SourceVersionDate "2015.10.29"]
[SourceQuality "1"]
[WhiteTeam "Tbilisi"]
[BlackTeam "Samegrelo"]
[WhiteTeamCountry "GEO"]
[BlackTeamCountry "GEO"]

1. e4 c5 2. Nf3 d6 3. c3 Nf6 4. Be2 g6 5. 0-0 Bg7 6. Re1 0-0 7. Bf1 Nc6 8. h3 e5 9. d3 h6 10. Be3 Be6 11. Na3 b6 12. d4 exd4 13. cxd4 d5 14. Bb5 cxd4 15. exd5 Bxd5 16. Nxd4 Nxd4 17. Bxd4 Bb7 18. Bf1 Re8 19. Qa4 Bc6 20. Rxe8+ Qxe8 21. Bb5 Bxb5 22. Qxb5 Qe4 23. Bc3 Nd5 24. Bxg7 Nf4 25. Qf1 Kxg7 26. Re1 Qd4 27. Nc4 b5 28. Ne3 Qxb2 29. Rb1 Qxa2 30. Qxb5 Re8 31. Rb4 Rxe3 32. Rxf4 Qa1+ 33. Kh2 Qe5 34. Qxe5+ Rxe5 35. Rb4 a5 36. Rb7 Re2 37. Kg3 a4 38. Ra7 Ra2 39. h4 Kf6 40. Kf3 h5 41. Ke3 Ke6 42. g3 Ra1 43. Kf4 Ra2 44. Kf3 a3 45. Kg2 Kd5 46. Rxf7 Rc2 47. Ra7 a2 48. Kf3 Kc4 49. Kf4 Kb4 50. Rb7+ Ka5 51. Ra7+ Kb5 52. Kg5 Kb6 53. Ra3 Rc5+ 54. Kxg6 Ra5 55. Rxa2 Rxa2 56. Kxh5 Rxf2 57. Kg6 Kc6 58. h5 Rg2 59. h6 Rxg3+ 60. Kf7 1/2-1/2

[Event "GEO-chT"]
[Site "Ureki"]
[Date "2015.10.08"]
[Round "4.4"]
[White "Lomineishvili, Maia"]
[Black "Mikadze, Miranda"]
[Result "1-0"]
[WhiteElo "2369"]
[BlackElo "2245"]
[PlyCount "81"]
[EventDate "2015.10.05"]
[EventType "team-tourn"]
[EventRounds "7"]
[EventCountry "GEO"]
[SourceTitle "CBM 168 Extra"]
[Source "ChessBase"]
[SourceDate "2015.10.29"]
[SourceVersion "1"]
[SourceVersionDate "2015.10.29"]
[SourceQuality "1"]
[WhiteTeam "Samegrelo"]
[BlackTeam "Nona"]
[WhiteTeamCountry "GEO"]
[BlackTeamCountry "GEO"]

1. d4 d5 2. c4 c6 3. Nc3 Nf6 4. Nf3 dxc4 5. a4 Bf5 6. Ne5 Nbd7 7. Nxc4 Nb6 8. Ne5 a5 9. f3 Nfd7 10. Nxd7 Nxd7 11. e4 Bg6 12. Be2 Qb6 13. f4 e6 14. 0-0 f6 15. Kh1 Be7 16. d5 e5 17. Bc4 Rd8 18. Qe2 exf4 19. Bxf4 Ne5 20. Bxe5 fxe5 21. dxc6 bxc6 22. Nd5 cxd5 23. Bb5+ Rd7 24. Rac1 d4 25. Rc8+ Bd8 26. Qg4 Qd6 27. Rc6 Rf8 28. Rfc1 Ke7 29. Rxd6 Rxd6 30. Qg5+ Rff6 31. Qxe5+ Kf8 32. Bd3 Rfe6 33. Qc5 Bb6 34. Qc8+ Ke7 35. Qg8 Bxe4 36. Qxg7+ Kd8 37. Qf8+ Kd7 38. Bxe4 Rxe4 39. Qc8+ Ke7 40. Qb7+ Kf6 41. Qxe4 1-0

[Event "GEO-chT"]
[Site "Ureki"]
[Date "2015.10.06"]
[Round "2.4"]
[White "Lomineishvili, Maia"]
[Black "Gavasheli, Ana"]
[Result "1/2-1/2"]
[WhiteElo "2369"]
[BlackElo "2168"]
[PlyCount "116"]
[EventDate "2015.10.05"]
[EventType "team-tourn"]
[EventRounds "7"]
[EventCountry "GEO"]
[SourceTitle "CBM 168 Extra"]
[Source "ChessBase"]
[SourceDate "2015.10.29"]
[SourceVersion "1"]
[SourceVersionDate "2015.10.29"]
[SourceQuality "1"]
[WhiteTeam "Samegrelo"]
[BlackTeam "Ambrolauri"]
[WhiteTeamCountry "GEO"]
[BlackTeamCountry "GEO"]

1. d4 d5 2. c4 e6 3. Nc3 c5 4. cxd5 exd5 5. Nf3 Nc6 6. g3 Nf6 7. Bg2 Be7 8. 0-0 0-0 9. Bg5 c4 10. b3 Qa5 11. Bd2 Bb4 12. Qc2 Re8 13. a3 Bxc3 14. Bxc3 Bf5 15. Qxf5 Qxc3 16. bxc4 Rxe2 17. cxd5 Ne7 18. Qb1 Rb2 19. Qd1 Nexd5 20. Ne5 Rd8 21. Rc1 Qb3 22. Qxb3 Rxb3 23. Rb1 Rxb1 24. Rxb1 b6 25. Rc1 Kf8 26. Bf3 h6 27. h4 g6 28. Kf1 a5 29. a4 Ne7 30. Rc7 Nfd5 31. Bxd5 Rxd5 32. Nd7+ Kg7 33. Nxb6 Rd6 34. Rxe7 Rxb6 35. Ra7 Rb4 36. Rxa5 Rxd4 37. Ra7 h5 38. Ke2 Rb4 39. a5 Rb2+ 40. Ke3 Rb3+ 41. Kd4 Rb2 42. a6 Rxf2 43. Rb7 Ra2 44. a7 Kf6 45. Kc5 Kf5 46. Rxf7+ Kg4 47. Kb6 Kxg3 48. Rf8 Rxa7 49. Kxa7 Kxh4 50. Kb6 Kg3 51. Rg8 h4 52. Rxg6+ Kf3 53. Rh6 Kg3 54. Kc5 h3 55. Kd4 h2 56. Ke3 Kg2 57. Rg6+ Kf1 58. Rf6+ Kg1 1/2-1/2

[Event "EU-ch (Women) 16th"]
[Site "Chakvi"]
[Date "2015.05.27"]
[Round "8"]
[White "Lomineishvili, Maia"]
[Black "Galliamova, Alisa"]
[Result "1/2-1/2"]
[WhiteElo "2364"]
[BlackElo "2478"]
[PlyCount "190"]
[EventDate "2015.05.19"]
[EventType "swiss"]
[EventRounds "11"]
[EventCountry "GEO"]
[SourceTitle "CBM 166 Extra"]
[Source "ChessBase"]
[SourceDate "2015.06.18"]
[SourceVersion "1"]
[SourceVersionDate "2015.06.18"]
[SourceQuality "1"]

1. d4 d5 2. c4 dxc4 3. Nf3 Nf6 4. e3 e6 5. Bxc4 c5 6. 0-0 a6 7. a4 Nc6 8. Qe2 Qc7 9. Nc3 Be7 10. Bd2 0-0 11. Rac1 b6 12. d5 exd5 13. Nxd5 Nxd5 14. Bxd5 Qd6 15. e4 Be6 16. Bc3 Bxd5 17. Rcd1 Qe6 18. Rxd5 Rfe8 19. Rfd1 h6 20. Qd3 Bf8 21. Re1 Reb8 22. Nh4 b5 23. Nf5 g6 24. Nd6 c4 25. Qg3 Rd8 26. Red1 b4 27. Be1 Bxd6 28. Rxd6 Rxd6 29. Qxd6 Qxe4 30. f3 Qe8 31. Qf4 c3 32. bxc3 b3 33. c4 Qe5 34. Qxe5 Nxe5 35. Rb1 Nd3 36. Kf1 Rb8 37. Bg3 Rb7 38. Bd6 b2 39. Ke2 Rb3 40. Kd2 Nb4 41. Be5 Rd3+ 42. Ke2 Ra3 43. Rxb2 Rxa4 44. Bc3 a5 45. Bxb4 axb4 46. Kd3 Kf8 47. c5 Ke7 48. Kc4 Kd7 49. Kb5 Ra8 50. Rd2+ Kc7 51. Kxb4 Ra1 52. Kc4 h5 53. Kd5 Ra6 54. Rb2 Rf6 55. Ra2 Rf5+ 56. Kc4 g5 57. Kb5 Kb7 58. Re2 Kc7 59. Re7+ Kd8 60. Re4 Kc7 61. h3 Kb7 62. Re7+ Kc8 63. Kb6 Kd8 64. Ra7 Rf4 65. c6 Rb4+ 66. Kc5 Rb2 67. g4 hxg4 68. hxg4 Rc2+ 69. Kd6 Rd2+ 70. Ke5 Re2+ 71. Kf5 Re3 72. Rxf7 Rxf3+ 73. Kg6 Rf4 74. Rd7+ Ke8 75. Kxg5 Rc4 76. Rd6 Ke7 77. Rh6 Rc5+ 78. Kh4 Rc1 79. c7 Kf7 80. Rh7+ Kg6 81. Rd7 Rc3 82. Re7 Kf6 83. Rh7 Kg6 84. Rd7 Kf6 85. Rd6+ Kg7 86. Rd7+ Kf6 87. g5+ Kg6 88. Rd6+ Kg7 89. Rd7+ Kg6 90. Kg4 Rc4+ 91. Kf3 Kxg5 92. Ke3 Kf6 93. Kd3 Ke6 94. Rh7 Rc1 95. Kd4 Kd6 1/2-1/2

[Event "EU-ch (Women) 16th"]
[Site "Chakvi"]
[Date "2015.05.21"]
[Round "3"]
[White "Lomineishvili, Maia"]
[Black "Baraeva, Marina"]
[Result "1-0"]
[WhiteElo "2364"]
[BlackElo "2204"]
[PlyCount "87"]
[EventDate "2015.05.19"]
[EventType "swiss"]
[EventRounds "11"]
[EventCountry "GEO"]
[SourceTitle "CBM 166 Extra"]
[Source "ChessBase"]
[SourceDate "2015.06.18"]
[SourceVersion "1"]
[SourceVersionDate "2015.06.18"]
[SourceQuality "1"]

1. d4 d5 2. c4 c6 3. Nc3 Nf6 4. e3 a6 5. Qc2 g6 6. Bd3 Bg7 7. Nf3 0-0 8. 0-0 Bg4 9. Ne5 Be6 10. c5 Nfd7 11. Nxd7 Nxd7 12. b4 b5 13. cxb6 Qxb6 14. Bd2 Rfc8 15. Na4 Qa7 16. Rab1 Rc7 17. Rfc1 h5 18. Be1 Nb6 19. Nc5 Bc8 20. f4 e6 21. Bh4 Nd7 22. Bxg6 fxg6 23. Nxe6 Nf8 24. Nxc7 Qxc7 25. Qxc6 Qxc6 26. Rxc6 Bf5 27. Rb3 Ne6 28. Ra3 Bf8 29. Be1 Re8 30. Bd2 g5 31. fxg5 Nxg5 32. Raxa6 Re7 33. Rf6 Bd3 34. Ra8 Rf7 35. Rxf7 Kxf7 36. a4 Bh6 37. b5 Ne4 38. Bc1 Nc3 39. b6 Ne2+ 40. Kf2 Nxd4 41. exd4 Bxc1 42. b7 Bf4 43. b8Q Bxb8 44. Rxb8 1-0